| 000 | 00829nas a2200289 4500 | ||
|---|---|---|---|
| 001 | BR8202868 | ||
| 003 | BR-BrBNA | ||
| 005 | 20231205085154.0 | ||
| 007 | ta | ||
| 008 | 230509b bl.|||p| |||| 00| 00por d | ||
| 040 |
_aBR-BrBNA _bpor _cBiblioteca Nacional de Agricultura |
||
| 041 | _a(Pt) | ||
| 072 | _aL10; L30 | ||
| 100 | 1 | _aFerreira, A. | |
| 245 | 1 | _aFertilidade - 1 [Nutricao animal; Gado leiteiro; Sais minerais; Manejo] | |
| 650 | _aGADO LEITEIRO | ||
| 650 | _aSAIS MINERAIS | ||
| 650 | _aEFICIENCIA REPRODUTIVA | ||
| 650 | _aFERTILIDADE ANIMAL | ||
| 650 | _aREPRODUCAO ANIMAL | ||
| 650 | _aNUTRIENTE MINERAL | ||
| 650 | _aNUTRICAO ANIMAL | ||
| 650 | _aMANEJO | ||
| 773 | 0 |
_tRaizes (Brazil) _x _g(Jun 1982), v. 8(76) p. 30 _wBR8202868 |
|
| 909 |
_a202311 _bLúcia _c55 _dLúcia Elande |
||
| 942 |
_2AGRIS _n0 _cANA |
||
| 999 |
_c109719 _d109719 |
||